Composition of crude oils and petroleum products bachelor thesis

Guardado en:
Detalles Bibliográficos
Autor principal: Alharbi, Mohammad A.Kh.F
Formato: Libro
Lenguaje:eslovaco
Publicado: Bratislava STU FCHPT 2013
Acceso en línea:Ver en el OPAC
Etiquetas: Agregar Etiqueta
Sin Etiquetas, Sea el primero en etiquetar este registro!

MARC

LEADER 00000nam a2200000 a 4500
005 20260127133925.0
008 131211 2013 000 0 slo d
035 |a vtls010564669 
039 9 |y 201312111330  |z mschk03 
040 |a STUSCHK1  |b slo  |c STUSCHK1  |e AACR2 
100 1 |a Alharbi, Mohammad A.Kh.F. 
245 1 |a Composition of crude oils and petroleum products  |b bachelor thesis  |c Mohammad A.Kh.F. Alharbi 
260 |a Bratislava  |b STU FCHPT  |c 2013 
300 |a 33 s.  |b il.  |c 30 cm 
500 |a Obhájené: 17.06.2013 
500 |a Study programme: Engineering of Chemical and Environmental Technologies 
500 |a Study field: Chemical technologies 
500 |a Workplace: Department of Petroleum Technology and Petrochemistry 
500 |a Reg.No.: FCHPT-13306-45242 
910 |a SCHK95 
999 |c 150  |d 150